Integrovaná aproximačná stratégia v kapitole životné prostredie

Gespeichert in:
Bibliographische Detailangaben
Format: Buch
Sprache:Slowakisch
Veröffentlicht: Bratislava Ministerstvo životného prostredia SR 2002
Schriftenreihe:Dokumenty
Tags: Tag hinzufügen
Keine Tags, Fügen Sie das erste Tag hinzu!

MARC

LEADER 00000nam$a2200000$$$4500
001 0024247
005 20240318125616.1
022 |a 1335-1564 
041 0 |a slo 
044 |a SK 
245 1 0 |a Integrovaná aproximačná stratégia v kapitole životné prostredie 
264 1 |a Bratislava  |b Ministerstvo životného prostredia SR  |c 2002 
300 |a 196 s. 
490 1 |a Dokumenty 
830 0 |a Dokumenty